Phobia - Sudden Death - Statistics

General Stats
  • This quiz has been taken 183 times
    21 since last reset
  • The average score is 3 of 10
Answers on the Grid
Answers color-coded by a green-red scale on the quiz's grid according to % correct below.
Arachnophobia
Phobophobia
Optophobia
Cynophobia
Ailurophobia
Somniphobia
Mysophobia
Trypanophobia
Aerophobia
Trypophobia
Anthropophobia
Astraphobia
Ophidiophobia
Social Phobia
Monophobia
Acrophobia
Agoraphobia
Robophobia
Xenophobia
Zoophobia
 
Answer Stats
Answer % Correct
Arachnophobia
100%
Agoraphobia
38%
Acrophobia
31%
Cynophobia
31%
Aerophobia
23%
Social Phobia
23%
Ophidiophobia
15%
Mysophobia
8%
Trypanophobia
8%
Astraphobia
0%
No matching quizzes found
Score Distribution
Percent of People with Each Score
Percentile by Number Answered
Your Score History
You have not taken this quiz since the last reset